|
|
|
|
| LEADER |
00000cam a2200000 7i4500 |
| 001 |
0000009985 |
| 002 |
000010881 |
| 005 |
20011116.0 |
| 020 |
|
|
|a 9679662160
|
| 090 |
0 |
0 |
|a 297.122
|b JOH
|
| 245 |
1 |
0 |
|a Nabi bertemu Allah dalam Mikraj
|c Haji Johari Haji Alias
|
| 260 |
|
|
|a Petaling Jaya :
|b Amiza Publishing Sdn. Bhd ,
|c 1993
|
| 300 |
|
|
|a 32p. :
|b ill ;
|c 17cm.
|
| 650 |
0 |
0 |
|a Islamic stories, Malay
|
| 999 |
|
|
|a 041081
|b BUKU
|c PINJAMAN
|e PERPUSTAKAAN KOMUNITI PETALING JAYA
|
| 999 |
|
|
|a 046741
|b BUKU
|c PINJAMAN
|e PERPUSTAKAAN KOMUNITI CAW KOTA DAMANSARA
|
| 999 |
|
|
|a 046742
|b BUKU
|c PINJAMAN
|e PERPUSTAKAAN KOMUNITI CAW KOTA DAMANSARA
|